000 01061nam a2200265Ia 4500
003 OSt
005 20220923211232.0
006 a|||||r|||| 00| 0
007 ta
008 220922b |||||||| |||| 00| 0 mar d
020 _a9788171382897 (hbk)
_c695
024 _a290,127
037 _b24574, 15/03/2016, Kitab Ghar
_cTextual
040 _aARTS
_cARTS
_bmar
041 _2mar
_amar
082 _aO155,1:g(P:75), 152Q4
100 _aदादेगावकर, पद्माकर; दीक्षित, आनन्दप्रकाश, अनु.
_9159986
245 0 _aरसचर्चा
246 _aRasacharchā
260 _aनयी दिल्ली
_b सामयिक प्रकाशन
_c2014
300 _a367पृ0
_ccm.
650 _aमराठी साहित्य
942 _hO155,1:g(P:75), 152Q4
_cTEXL
_2CC
999 _c297414
_d297414